[Event "2025 National K-12 Grade Championship"]
[Site "Spokane, WI USA, United States"]
[Date "2025.12.14"]
[Round "6.1"]
[White "Singi, Advay"]
[Black "Sloan, Jed"]
[Result "0-1"]
[TimeControl "G/90; d10"]
[BlackTitle "CM"]
[WhiteFideId "39903141"]
[BlackFideId "30932289"]
[WhiteElo "1987"]
[BlackElo "2202"]

1. e4 {[%clk 01:27:58]} {[%emt 00:01:59]} c6 {[%clk 01:29:26]} {[%emt
00:00:45]} 2. d4 {[%clk 01:27:58]} {[%emt 00:00:02]} d5 {[%clk 01:29:26]}
{[%emt 00:00:04]} 3. e5 {[%clk 01:27:56]} {[%emt 00:00:12]} c5 {[%clk
01:29:26]} {[%emt 00:00:04]} 4. dxc5 {[%clk 01:27:56]} {[%emt 00:00:04]} e6
{[%clk 01:29:26]} {[%emt 00:00:07]} 5. c3 {[%clk 01:27:50]} {[%emt 00:00:15]}
Bxc5 {[%clk 01:28:17]} {[%emt 00:01:19]} 6. Qg4 {[%clk 01:27:48]} {[%emt
00:00:11]} Ne7 {[%clk 01:26:06]} {[%emt 00:02:21]} 7. b4 {[%clk 01:27:48]}
{[%emt 00:00:09]} Bb6 {[%clk 01:23:35]} {[%emt 00:02:42]} 8. Qxg7 {[%clk
01:27:40]} {[%emt 00:00:18]} Rg8 {[%clk 01:21:29]} {[%emt 00:02:17]} 9. Qxh7
{[%clk 01:27:40]} {[%emt 00:00:07]} Nbc6 {[%clk 01:19:54]} {[%emt 00:01:46]} 10.
Nf3 {[%clk 01:27:40]} {[%emt 00:00:06]} Qc7 {[%clk 01:14:54]} {[%emt 00:05:10]}
11. Bg5 {[%clk 01:27:40]} {[%emt 00:00:07]} Rxg5 {[%clk 01:11:28]} {[%emt
00:03:36]} 12. Nxg5 {[%clk 01:27:32]} {[%emt 00:00:17]} Qxe5+ {[%clk 01:11:28]}
{[%emt 00:00:07]} 13. Be2 {[%clk 01:27:23]} {[%emt 00:00:18]} Qxg5 {[%clk
01:11:10]} {[%emt 00:00:28]} 14. O-O {[%clk 01:27:18]} {[%emt 00:00:16]} Bd7
{[%clk 01:09:25]} {[%emt 00:01:54]} 15. Qh8+ {[%clk 01:24:42]} {[%emt
00:02:46]} Ng8 {[%clk 01:03:27]} {[%emt 00:06:09]} 16. h4 {[%clk 01:24:32]}
{[%emt 00:00:20]} Qg3 {[%clk 01:02:53]} {[%emt 00:00:43]} 17. h5 {[%clk
01:21:57]} {[%emt 00:02:45]} O-O-O {[%clk 01:01:28]} {[%emt 00:01:36]} 18. Nd2
{[%clk 01:17:24]} {[%emt 00:04:42]} Nge7 {[%clk 00:59:45]} {[%emt 00:01:54]} 19.
Qf6 {[%clk 01:17:24]} {[%emt 00:00:02]} Rg8 {[%clk 00:58:23]} {[%emt 00:01:31]}
20. Qf3 {[%clk 01:17:19]} {[%emt 00:00:15]} Qg5 {[%clk 00:57:52]} {[%emt
00:00:42]} 21. Rad1 {[%clk 01:16:45]} {[%emt 00:00:44]} e5 {[%clk 00:53:25]}
{[%emt 00:04:38]} 22. Kh1 {[%clk 01:16:41]} {[%emt 00:00:13]} Qh4+ {[%clk
00:52:55]} {[%emt 00:00:39]} 23. Kg1 {[%clk 01:16:37]} {[%emt 00:00:14]} e4
{[%clk 00:51:39]} {[%emt 00:01:27]} 24. Qxf7 {[%clk 01:16:02]} {[%emt
00:00:44]} Qg5 {[%clk 00:49:47]} 0-1

[Event "2025 National K-12 Grade Championship"]
[Site "Spokane, WI USA, United States"]
[Date "2025.12.14"]
[Round "6.2"]
[White "Safranek, William"]
[Black "Chakravarty, Aritro"]
[Result "1-0"]
[TimeControl "G/90; d10"]
[WhiteTitle "FM"]
[WhiteFideId "30919908"]
[BlackFideId "30976847"]
[WhiteElo "2343"]
[BlackElo "2234"]

1. e4 {[%emt 00:02:34]} c5 {[%clk 01:25:37]} {[%emt 00:02:01]} 2. Nf3 {[%clk
01:30:00]} {[%emt 00:00:03]} d6 {[%clk 01:25:35]} {[%emt 00:00:12]} 3. d4
{[%clk 01:30:00]} {[%emt 00:00:04]} cxd4 {[%clk 01:25:35]} {[%emt 00:00:02]} 4.
Nxd4 {[%clk 01:30:00]} {[%emt 00:00:05]} Nf6 {[%clk 01:25:35]} {[%emt
00:00:02]} 5. Nc3 {[%clk 01:30:00]} {[%emt 00:00:05]} Nc6 {[%clk 01:25:35]}
{[%emt 00:00:02]} 6. Bg5 {[%clk 01:30:00]} {[%emt 00:00:05]} e6 {[%clk
01:25:30]} {[%emt 00:00:16]} 7. Bb5 {[%clk 01:30:00]} {[%emt 00:00:06]} Bd7
{[%clk 01:25:03]} {[%emt 00:00:37]} 8. Qd3 {[%clk 01:30:00]} {[%emt 00:00:09]}
Be7 {[%clk 01:24:54]} {[%emt 00:00:19]} 9. O-O-O {[%clk 01:29:58]} {[%emt
00:00:12]} a6 {[%clk 01:23:25]} {[%emt 00:01:40]} 10. Bxc6 {[%clk 01:29:37]}
{[%emt 00:00:31]} bxc6 {[%clk 01:23:12]} {[%emt 00:00:23]} 11. Nb3 {[%clk
01:27:38]} {[%emt 00:02:09]} Qc7 {[%clk 01:15:47]} {[%emt 00:07:35]} 12. f4
{[%clk 01:23:28]} {[%emt 00:04:20]} e5 {[%clk 01:14:05]} {[%emt 00:01:52]} 13.
f5 {[%clk 01:17:04]} {[%emt 00:06:34]} h6 {[%clk 01:04:31]} {[%emt 00:09:44]}
14. Bxf6 {[%clk 01:16:58]} {[%emt 00:00:16]} gxf6 {[%clk 01:04:19]} {[%emt
00:00:22]} 15. Nd2 {[%clk 01:13:18]} {[%emt 00:03:50]} Rf8 {[%clk 00:46:25]}
{[%emt 00:18:04]} 16. Nc4 {[%clk 01:11:34]} {[%emt 00:01:54]} O-O-O {[%clk
00:46:24]} {[%emt 00:00:10]} 17. Nxd6+ {[%clk 01:09:45]} {[%emt 00:01:59]} Kb8
{[%clk 00:45:43]} {[%emt 00:00:52]} 18. Qxa6 {[%clk 01:08:52]} {[%emt
00:01:03]} Bxd6 {[%clk 00:45:32]} {[%emt 00:00:21]} 19. Rxd6 {[%clk 01:08:52]}
{[%emt 00:00:09]} Qxd6 {[%clk 00:44:40]} {[%emt 00:01:03]} 20. Qb6+ {[%clk
01:08:52]} {[%emt 00:00:02]} Kc8 {[%clk 00:42:38]} {[%emt 00:02:13]} 21. Nb5
{[%clk 01:08:52]} {[%emt 00:00:04]} 1-0

[Event "2025 National K-12 Grade Championship"]
[Site "Spokane, WI USA, United States"]
[Date "2025.12.14"]
[Round "6.3"]
[White "Gross, Alexander William"]
[Black "Liang, Yu-Cheng"]
[Result "0-1"]
[TimeControl "G/90; d10"]
[BlackTitle "CM"]
[WhiteFideId "30948096"]
[BlackFideId "30958121"]
[WhiteElo "1965"]
[BlackElo "2200"]

1. c4 {[%clk 01:30:00]} {[%emt 00:00:02]} Nf6 {[%clk 01:29:36]} {[%emt
00:00:38]} 2. Nc3 {[%clk 01:29:47]} {[%emt 00:00:24]} c5 {[%clk 01:29:36]}
{[%emt 00:00:05]} 3. g3 {[%clk 01:29:30]} {[%emt 00:00:27]} e6 {[%clk
01:29:36]} {[%emt 00:00:06]} 4. e4 {[%clk 01:23:42]} {[%emt 00:05:58]} d5
{[%clk 01:23:28]} {[%emt 00:06:18]} 5. cxd5 {[%clk 01:22:42]} {[%emt 00:01:11]}
exd5 {[%clk 01:23:28]} {[%emt 00:00:07]} 6. e5 {[%clk 01:22:41]} {[%emt
00:00:11]} d4 {[%clk 01:15:37]} {[%emt 00:08:01]} 7. exf6 {[%clk 01:20:56]}
{[%emt 00:01:56]} dxc3 {[%clk 01:15:37]} {[%emt 00:00:04]} 8. Bb5+ {[%clk
01:20:34]} {[%emt 00:00:32]} Nc6 {[%clk 01:15:02]} {[%emt 00:00:45]} 9. fxg7
{[%clk 01:18:57]} {[%emt 00:01:47]} cxd2+ {[%clk 01:14:04]} {[%emt 00:01:07]}
10. Qxd2 {[%clk 01:16:22]} {[%emt 00:02:45]} Qxd2+ {[%clk 01:13:37]} {[%emt
00:00:38]} 11. Bxd2 {[%clk 01:16:22]} {[%emt 00:00:04]} Bxg7 {[%clk 01:13:37]}
{[%emt 00:00:05]} 12. Bxc6+ {[%clk 01:15:45]} {[%emt 00:00:46]} bxc6 {[%clk
01:13:37]} {[%emt 00:00:03]} 13. O-O-O {[%clk 01:14:33]} {[%emt 00:01:23]} Rb8
{[%clk 01:06:07]} {[%emt 00:07:39]} 14. Bc3 {[%clk 01:13:49]} {[%emt 00:00:55]}
Bxc3 {[%clk 01:06:03]} {[%emt 00:00:14]} 15. bxc3 {[%clk 01:13:49]} {[%emt
00:00:04]} Be6 {[%clk 01:03:59]} {[%emt 00:02:14]} 16. Rd2 {[%clk 01:09:16]}
{[%emt 00:04:43]} Bd5 {[%clk 00:55:58]} {[%emt 00:08:10]} 17. f3 {[%clk
01:09:16]} {[%emt 00:00:10]} O-O {[%clk 00:55:58]} {[%emt 00:00:07]} 18. h4
{[%clk 01:05:03]} {[%emt 00:04:23]} Rfe8 {[%clk 00:53:38]} {[%emt 00:02:30]} 19.
Re2 {[%clk 01:05:00]} {[%emt 00:00:13]} Rxe2 {[%clk 00:53:17]} {[%emt
00:00:31]} 20. Nxe2 {[%clk 01:05:00]} {[%emt 00:00:02]} Bxf3 {[%clk 00:53:17]}
{[%emt 00:00:08]} 21. Rh2 {[%clk 01:03:24]} {[%emt 00:01:46]} Be4 {[%clk
00:51:44]} {[%emt 00:01:42]} 22. Rf2 {[%clk 01:00:46]} {[%emt 00:02:48]} Rb1+
{[%clk 00:47:21]} {[%emt 00:04:34]} 23. Kd2 {[%clk 01:00:46]} {[%emt 00:00:03]}
Rb2+ {[%clk 00:41:27]} {[%emt 00:06:05]} 24. Ke3 {[%clk 01:00:36]} {[%emt
00:00:19]} Bd5 {[%clk 00:41:27]} {[%emt 00:00:03]} 25. Nc1 {[%clk 00:56:13]}
{[%emt 00:04:33]} Rb1 {[%clk 00:37:57]} {[%emt 00:03:40]} 26. Nd3 {[%clk
00:45:15]} {[%emt 00:11:07]} Ra1 {[%clk 00:35:21]} {[%emt 00:02:47]} 27. Nxc5
{[%clk 00:44:38]} {[%emt 00:00:47]} Bxa2 {[%clk 00:34:43]} {[%emt 00:00:48]} 28.
Kd4 {[%clk 00:37:02]} {[%emt 00:07:46]} Rd1+ {[%clk 00:32:55]} {[%emt
00:01:57]} 29. Ke5 {[%clk 00:36:57]} {[%emt 00:00:15]} Rd5+ {[%clk 00:24:08]}
{[%emt 00:08:57]} 30. Kf6 {[%clk 00:36:57]} {[%emt 00:00:10]} Rxc5 {[%clk
00:23:58]} {[%emt 00:00:21]} 31. Rxa2 {[%clk 00:36:57]} {[%emt 00:00:04]} Rxc3
{[%clk 00:23:58]} {[%emt 00:00:08]} 32. g4 {[%clk 00:36:36]} {[%emt 00:00:30]}
Rf3+ {[%clk 00:23:58]} {[%emt 00:00:10]} 33. Ke5 {[%clk 00:34:57]} {[%emt
00:01:50]} Kg7 {[%clk 00:23:58]} {[%emt 00:00:06]} 34. Rxa7 {[%clk 00:34:35]}
{[%emt 00:00:32]} Rc3 {[%clk 00:22:47]} {[%emt 00:01:20]} 35. Ra4 {[%clk
00:21:11]} {[%emt 00:13:33]} h6 {[%clk 00:19:49]} {[%emt 00:03:08]} 36. h5
{[%clk 00:18:55]} {[%emt 00:02:28]} Rc1 {[%clk 00:17:52]} {[%emt 00:02:07]} 37.
Rf4 {[%clk 00:18:03]} {[%emt 00:01:02]} c5 {[%clk 00:16:28]} {[%emt 00:01:34]}
38. Kd5 {[%clk 00:17:22]} {[%emt 00:00:50]} c4 {[%clk 00:13:56]} {[%emt
00:02:43]} 39. Kd4 {[%clk 00:16:07]} {[%emt 00:01:25]} Ra1 {[%clk 00:12:40]}
{[%emt 00:01:25]} 40. Kc3 {[%clk 00:14:12]} {[%emt 00:02:05]} Ra4 {[%clk
00:12:19]} {[%emt 00:00:32]} 41. Rf5 {[%clk 00:12:54]} {[%emt 00:01:28]} Ra3+
{[%clk 00:12:11]} {[%emt 00:00:18]} 42. Kxc4 {[%clk 00:07:47]} {[%emt
00:05:17]} Ra4+ {[%clk 00:12:11]} {[%emt 00:00:04]} 43. Kd5 {[%clk 00:07:47]}
{[%emt 00:00:02]} Rxg4 {[%clk 00:12:11]} {[%emt 00:00:09]} 44. Kd6 {[%clk
00:05:47]} {[%emt 00:02:11]} Rg5 {[%clk 00:11:19]} {[%emt 00:01:03]} 45. Ke5
{[%clk 00:04:27]} {[%emt 00:01:29]} f6+ {[%clk 00:10:36]} {[%emt 00:00:53]} 46.
Ke6 {[%clk 00:04:27]} {[%emt 00:00:10]} Rxf5 {[%clk 00:10:36]} {[%emt
00:00:04]} 47. Kxf5 {[%clk 00:04:27]} {[%emt 00:00:02]} Kf7 {[%clk 00:10:36]}
{[%emt 00:00:04]} 48. Kf4 {[%clk 00:00:52]} {[%emt 00:03:45]} Ke6 {[%clk
00:10:33]} {[%emt 00:00:14]} 49. Ke4 {[%clk 00:00:52]} {[%emt 00:00:03]} f5+
{[%clk 00:10:33]} {[%emt 00:00:04]} 50. Kf3 {[%clk 00:00:52]} {[%emt 00:00:07]}
Ke5 {[%clk 00:10:33]} {[%emt 00:00:03]} 51. Ke3 {[%clk 00:00:52]} {[%emt
00:00:06]} f4+ {[%clk 00:10:33]} {[%emt 00:00:07]} 52. Kf2 {[%clk 00:00:37]}
{[%emt 00:00:24]} Kf5 {[%clk 00:10:33]} {[%emt 00:00:04]} 53. Kf3 {[%clk
00:00:37]} {[%emt 00:00:02]} Kg5 {[%clk 00:10:33]} {[%emt 00:00:03]} 54. Ke4
{[%clk 00:00:37]} {[%emt 00:00:03]} Kg4 {[%clk 00:10:33]} {[%emt 00:00:04]} 0-1

[Event "2025 National K-12 Grade Championship"]
[Site "Spokane, WI USA, United States"]
[Date "2025.12.14"]
[Round "6.4"]
[White "Silva, Javier"]
[Black "Meyer, Jared Elwood"]
[Result "1-0"]
[TimeControl "G/90; d10"]
[WhiteFideId "30958636"]
[WhiteElo "2185"]
[BlackElo "1087"]

1. e4 {[%clk 01:17:56]} {[%emt 00:08:45]} c5 {[%clk 01:25:09]} {[%emt
00:02:29]} 2. Nf3 {[%clk 01:16:43]} {[%emt 00:01:24]} Nc6 {[%clk 01:24:10]}
{[%emt 00:01:09]} 3. Bb5 {[%clk 01:16:06]} {[%emt 00:00:46]} e6 {[%clk
01:23:31]} {[%emt 00:00:50]} 4. O-O {[%clk 01:14:19]} {[%emt 00:01:57]} d6
{[%clk 01:19:17]} {[%emt 00:04:24]} 5. d4 {[%clk 01:08:19]} {[%emt 00:06:08]}
cxd4 {[%clk 01:19:12]} {[%emt 00:00:16]} 6. Nxd4 {[%clk 01:08:03]} {[%emt
00:00:26]} Bd7 {[%clk 01:19:12]} {[%emt 00:00:03]} 7. c4 {[%clk 01:05:18]}
{[%emt 00:02:55]} a6 {[%clk 01:11:18]} {[%emt 00:08:03]} 8. Nxc6 {[%clk
01:03:26]} {[%emt 00:02:03]} Bxc6 {[%clk 01:08:25]} {[%emt 00:03:03]} 9. Bxc6+
{[%clk 01:02:59]} {[%emt 00:00:37]} bxc6 {[%clk 01:08:25]} {[%emt 00:00:04]} 10.
Nc3 {[%clk 00:54:48]} {[%emt 00:08:19]} Be7 {[%clk 01:06:08]} {[%emt 00:02:27]}
11. Be3 {[%clk 00:52:26]} {[%emt 00:02:31]} Nf6 {[%clk 00:58:56]} {[%emt
00:07:23]} 12. Qf3 {[%clk 00:43:57]} {[%emt 00:08:38]} Qc7 {[%clk 00:55:16]}
{[%emt 00:03:52]} 13. Rfd1 {[%clk 00:39:17]} {[%emt 00:04:49]} O-O {[%clk
00:52:12]} {[%emt 00:03:14]} 14. Rac1 {[%clk 00:38:29]} {[%emt 00:00:59]} Rad8
{[%clk 00:37:56]} {[%emt 00:14:25]} 15. h3 {[%clk 00:34:42]} {[%emt 00:03:58]}
Rfe8 {[%clk 00:35:43]} {[%emt 00:02:23]} 16. Bf4 {[%clk 00:28:30]} {[%emt
00:06:21]} e5 {[%clk 00:34:42]} {[%emt 00:01:11]} 17. Be3 {[%clk 00:27:36]}
{[%emt 00:01:04]} Nd7 {[%clk 00:33:39]} {[%emt 00:01:14]} 18. Na4 {[%clk
00:27:21]} {[%emt 00:00:25]} c5 {[%clk 00:33:09]} {[%emt 00:00:40]} 19. Nc3
{[%clk 00:23:28]} {[%emt 00:04:04]} Qb7 {[%clk 00:27:32]} {[%emt 00:05:47]} 20.
b3 {[%clk 00:22:19]} {[%emt 00:01:18]} Nf6 {[%clk 00:23:35]} {[%emt 00:04:08]}
21. Bg5 {[%clk 00:21:07]} {[%emt 00:01:21]} h6 {[%clk 00:21:43]} {[%emt
00:02:02]} 22. Bxf6 {[%clk 00:20:19]} {[%emt 00:00:57]} Bxf6 {[%clk 00:21:43]}
{[%emt 00:00:02]} 23. Rd3 {[%clk 00:20:18]} {[%emt 00:00:11]} Re6 {[%clk
00:21:42]} {[%emt 00:00:11]} 24. Rcd1 {[%clk 00:19:55]} {[%emt 00:00:34]} Be7
{[%clk 00:20:51]} {[%emt 00:01:01]} 25. Nd5 {[%clk 00:18:11]} {[%emt 00:01:54]}
a5 {[%clk 00:19:24]} {[%emt 00:01:37]} 26. Nc3 {[%clk 00:18:08]} {[%emt
00:00:12]} Ra8 {[%clk 00:18:38]} {[%emt 00:00:58]} 27. Nb5 {[%clk 00:17:24]}
{[%emt 00:00:53]} Ra6 {[%clk 00:17:41]} {[%emt 00:01:07]} 28. Nc3 {[%clk
00:14:47]} {[%emt 00:02:46]} Bg5 {[%clk 00:17:17]} {[%emt 00:00:34]} 29. Qe2
{[%clk 00:13:08]} {[%emt 00:01:49]} Qa7 {[%clk 00:17:00]} {[%emt 00:00:28]} 30.
Rf3 {[%clk 00:11:54]} {[%emt 00:01:22]} Qb7 {[%clk 00:16:20]} {[%emt 00:00:52]}
31. Qd3 {[%clk 00:11:38]} {[%emt 00:00:26]} Ra7 {[%clk 00:14:32]} {[%emt
00:01:59]} 32. Qd5 {[%clk 00:11:22]} {[%emt 00:00:26]} Qxd5 {[%clk 00:14:32]}
{[%emt 00:00:06]} 33. Rxd5 {[%clk 00:11:22]} {[%emt 00:00:10]} Ra6 {[%clk
00:12:40]} {[%emt 00:02:01]} 34. Rfd3 {[%clk 00:10:57]} {[%emt 00:00:33]} Rg6
{[%clk 00:12:28]} {[%emt 00:00:23]} 35. Kf1 {[%clk 00:08:48]} {[%emt 00:02:19]}
Kf8 {[%clk 00:12:28]} {[%emt 00:00:04]} 36. Rd1 {[%clk 00:08:05]} {[%emt
00:00:52]} Rf6 {[%clk 00:11:45]} {[%emt 00:00:54]} 37. R5d3 {[%clk 00:07:28]}
{[%emt 00:00:46]} Rc6 {[%clk 00:10:53]} {[%emt 00:01:03]} 38. Ke2 {[%clk
00:07:09]} {[%emt 00:00:29]} Ke7 {[%clk 00:10:53]} {[%emt 00:00:03]} 39. Nd5+
{[%clk 00:06:56]} {[%emt 00:00:25]} Ke6 {[%clk 00:09:05]} {[%emt 00:01:58]} 40.
Nxf6 {[%clk 00:06:56]} {[%emt 00:00:05]} Bxf6 {[%clk 00:09:02]} {[%emt
00:00:12]} 41. Rb1 {[%clk 00:04:15]} {[%emt 00:02:51]} Ra6 {[%clk 00:06:59]}
{[%emt 00:02:15]} 42. a3 {[%clk 00:03:51]} {[%emt 00:00:34]} g5 {[%clk
00:06:53]} {[%emt 00:00:14]} 43. g3 {[%clk 00:02:57]} {[%emt 00:01:05]} h5
{[%clk 00:06:53]} {[%emt 00:00:06]} 44. Rd2 {[%clk 00:02:23]} {[%emt 00:00:45]}
Bg7 {[%clk 00:06:28]} {[%emt 00:00:35]} 45. Ra2 {[%clk 00:02:17]} {[%emt
00:00:15]} f6 {[%clk 00:05:05]} {[%emt 00:01:33]} 46. Rbb2 {[%clk 00:02:13]}
{[%emt 00:00:14]} Rb6 {[%clk 00:05:00]} {[%emt 00:00:16]} 47. b4 {[%clk
00:02:11]} {[%emt 00:00:11]} axb4 {[%clk 00:04:28]} {[%emt 00:00:42]} 48. axb4
{[%clk 00:02:11]} {[%emt 00:00:02]} cxb4 {[%clk 00:04:28]} {[%emt 00:00:01]} 49.
Ra4 {[%clk 00:02:11]} {[%emt 00:00:06]} b3 {[%clk 00:04:28]} {[%emt 00:00:05]}
50. Ra3 {[%clk 00:02:11]} {[%emt 00:00:04]} Rb4 {[%clk 00:04:20]} {[%emt
00:00:17]} 51. Kd3 {[%clk 00:02:11]} {[%emt 00:00:02]} f5 {[%clk 00:03:36]}
{[%emt 00:00:53]} 52. Kc3 {[%clk 00:01:07]} {[%emt 00:01:14]} Rb7 {[%clk
00:03:36]} {[%emt 00:00:10]} 53. exf5+ {[%clk 00:01:07]} {[%emt 00:00:02]} Kxf5
{[%clk 00:03:36]} {[%emt 00:00:07]} 54. Rbxb3 {[%clk 00:01:07]} {[%emt
00:00:02]} Rc7 {[%clk 00:03:36]} {[%emt 00:00:08]} 55. Kb4 {[%clk 00:00:38]}
{[%emt 00:00:39]} d5 {[%clk 00:03:19]} {[%emt 00:00:28]} 56. Rf3+ {[%clk
00:00:34]} {[%emt 00:00:13]} Ke4 {[%clk 00:03:12]} {[%emt 00:00:17]} 57. Rae3
{[%clk 00:00:34]} {[%emt 00:00:10]} Kd4 {[%clk 00:03:12]} {[%emt 00:00:03]} 58.
Rd3 {[%clk 00:00:34]} {[%emt 00:00:02]} Ke4 {[%clk 00:03:12]} {[%emt 00:00:09]}
59. Rfe3 {[%clk 00:00:34]} {[%emt 00:00:01]} Kf5 {[%clk 00:03:12]} {[%emt
00:00:08]} 60. Rxd5 {[%clk 00:00:34]} {[%emt 00:00:03]} Ke6 {[%clk 00:03:12]}
{[%emt 00:00:04]} 61. f4 {[%clk 00:00:28]} {[%emt 00:00:17]} gxf4 {[%clk
00:03:06]} {[%emt 00:00:15]} 62. gxf4 {[%clk 00:00:28]} {[%emt 00:00:02]} Bf6
{[%clk 00:03:06]} 63. Rexe5+ {[%clk 00:00:28]} {[%emt 00:00:07]} Bxe5 {[%clk
00:03:06]} {[%emt 00:00:07]} 64. Rxe5+ {[%clk 00:00:28]} {[%emt 00:00:01]} Kd7
{[%clk 00:03:03]} {[%emt 00:00:13]} 65. Rxh5 {[%clk 00:00:28]} {[%emt
00:00:02]} Kd6 {[%clk 00:01:51]} {[%emt 00:01:23]} 66. Rh6+ {[%clk 00:00:28]}
{[%emt 00:00:01]} Ke7 {[%clk 00:01:45]} {[%emt 00:00:16]} 67. Rh7+ {[%clk
00:00:28]} {[%emt 00:00:01]} Kd8 {[%clk 00:01:45]} {[%emt 00:00:01]} 68. Rxc7
{[%clk 00:00:28]} {[%emt 00:00:01]} Kxc7 {[%clk 00:01:45]} 69. h4 {[%clk
00:00:28]} {[%emt 00:00:01]} Kd6 {[%clk 00:01:45]} {[%emt 00:00:01]} 70. h5
{[%clk 00:00:28]} Ke7 {[%clk 00:01:45]} 71. c5 {[%clk 00:00:28]} {[%emt
00:00:02]} Ke6 {[%clk 00:01:45]} {[%emt 00:00:02]} 72. h6 {[%emt 00:00:04]} 1-0